000
00298 a2200121 4500
000
nam a22 7a 4500
005
20260212160008.0
020
_a
9789348759184 (hbk)
100
_a
Greene, Brian
_9
1115463
245
_a
Ek muzayyan kainat
260
_b
Matterlink Publishers
_c
2025
942
_c
TB
999
_c
1679463
_d
1679463